Guess The Rock Artist By Album Cover: 7 - Statistics

General Stats
  • This quiz has been taken 22 times
  • The average score is 7 of 16
Answer Stats
Picture Answer % Correct
ACDC
95%
The Doors
90%
Tom Petty
81%
Cream
62%
Bob Seger
57%
Lynyrd Skynyrd
52%
Eagles
43%
Ted Nugent
43%
Bad Company
38%
Motley Crue
38%
Great White
33%
Molly Hatchet
33%
George Thorogood
29%
Joe Walsh
29%
The Band
14%
Manfred Mann
5%
No matching quizzes found
Score Distribution
Percent of People with Each Score
Percentile by Number Answered
Your Score History
You have not taken this quiz